000 00712nam a22002177a 4500
003 OSt
005 20251024022036.0
008 251021b |||||||| |||| 00| 0 eng d
020 _a0-07-242370-6.
040 _aDWCL-Main lib
_cOC
082 _aCirc. 621.31042 C363e 2001
100 _aCathey, Jimmie J.
245 _aElectric machines :
_banalysis and design applying MATLAB
260 _aBoston :
_bMcGraw-Hill,
_cc2001.
300 _axiv, 530 pages :
_billustration ;
_c24 cm.
504 _aIncludes index.
650 _21. Electric machinery-Computer-aided design.
650 _22. Electric machinery-Design and construction-Computer programs.
650 _23. MATLAB.
942 _2ddc
_cBK-CIRC
_kCirc.
_n0
999 _c4968
_d4968